Music Quiz

Random Music or Oscar Quiz

Figure Out The Lyrics: Triple Duty Quiz Stats

 Plays Quiz not verified by Sporcle

Score 0/129 Timer 08:00
0 Plays Today
Lyrics % Correct
I
98.6%
I
98.6%
I
98.6%
I
98.6%
a
97.8%
a
97.8%
the
96.2%
you,
89%
you
89%
You
89%
You
89%
you
89%
You
89%
and
87.6%
and
87.6%
and
87.6%
and
87.6%
and
87.6%
and
87.6%
and
87.6%
and
87.6%
to
84.2%
me
77.6%
me,
77.6%
me,
77.6%
me
77.6%
me,
77.6%
it
77.2%
it
77.2%
it
77.2%
it
77.2%
for
71.7%
go
70.5%
but
70.1%
your
69.3%
your
69.3%
your
69.3%
want
68.3%
don't
66.5%
know
66.5%
know
66.5%
that.
65.1%
that
65.1%
Lyrics % Correct
that
65.1%
that
65.1%
that
65.1%
all
62.3%
will
61.1%
can't
58.5%
can't
58.5%
have
55.1%
have
55.1%
have
55.1%
this
54.5%
this
54.5%
time.
54.1%
time
54.1%
time.
54.1%
It's
49.7%
with
49.1%
I'm
48.3%
more
42.9%
more
42.9%
got
41.5%
got
41.5%
never
38.3%
I'll
36.9%
out.
35.3%
Take
35.3%
take
35.3%
Take
35.3%
than
35.1%
won.
35.1%
always
32.7%
now.
31.5%
now.
31.5%
You'll
30.7%
You've
29.5%
make
28.7%
they're
26.9%
through
25.1%
We've
24.2%
We've
24.2%
back.
23.6%
still
22.6%
still
22.6%
Lyrics % Correct
sing
20.2%
sing
20.2%
home.
19.8%
home.
19.8%
fall
18.8%
eyes
17.4%
made
16.6%
slowly,
15.4%
slowly,
15.4%
Falling
15.2%
Falling
15.2%
Words
15%
voice.
14.6%
voice.
14.6%
play
14.2%
choice.
13.8%
choice.
13.8%
meant
13.4%
amount
13.2%
sinking
13%
sinking
13%
boat
12.8%
boat
12.8%
point
12%
point
12%
Raise
11.8%
enough
11.8%
Raise
11.8%
black.
11.4%
react.
11%
Games
10.6%
themselves
10.6%
yourself.
10.4%
suffered
10.2%
fool
10%
hopeful
10%
hopeful
10%
erase
9.8%
along.
9.4%
painted
9%
warred
7.8%
melody.
7.8%
Moods
7.6%

You're not logged in!

Compare scores with friends on all Sporcle quizzes.
OR
Log In

Sporcle TV

Today on Sporcle TV


Watch our educational content, quiz creation guides, and fun videos on Sporcle TV.

Show Comments

Extras

Top Quizzes Today


Score Distribution

Your Account Isn't Verified!

In order to create a playlist on Sporcle, you need to verify the email address you used during registration. Go to your Sporcle Settings to finish the process.

Report this User

Report this user for behavior that violates our Community Guidelines.

Details: